Normal view
MARC view
- الاسلام والدولة
Entry Topical Term
001 - CONTROL NUMBER
- control field: 36116
003 - CONTROL NUMBER IDENTIFIER
- control field: JO-AjAnu
005 - DATE AND TIME OF LATEST TRANSACTION
- control field: 20230606080031.0
008 - FIXED-LENGTH DATA ELEMENTS
- fixed length control field: 230606|| aca||aabn | a|a d
040 ## - CATALOGING SOURCE
- Original cataloging agency: JO-AjAnu
- Transcribing agency: JO-AjAnu
150 ## - HEADING--TOPICAL TERM
- Topical term or geographic name entry element: الاسلام والدولة
670 ## - SOURCE DATA FOUND
- Source citation: Work cat.: (JO-AjAnu)18543: أمين، حسين أحمد, author 36115, حول الدعوة الى تطبيق الشريعة الإسلامية ودراسات إسلامية أخرى